Regióny rozvojového sveta vo svetovej ekonomike diplomová práca

Enregistré dans:
Détails bibliographiques
Auteur principal: Tóth, Matúš
Collectivité auteur: Fakulta medzinárodných vzťahov EU. Katedra medzinárodných ekonomických vzťahov a hospodárskej diplomacie
Autres auteurs: Grešš, Martin, 1978-
Format: Livre
Langue:slovaque
Publié: Bratislava 2023
Tags: Ajouter un tag
Pas de tags, Soyez le premier à ajouter un tag!

MARC

LEADER 00000nbm a2200000 4500
001 0293170
005 20240320093344.0
041 0 |a slo 
044 |a SK 
245 1 0 |a Regióny rozvojového sveta vo svetovej ekonomike  |b diplomová práca  |c Matúš Tóth ; školiteľ: Martin Grešš 
264 1 |a Bratislava  |c 2023 
300 |a 99 s. 
100 1 |a Tóth, Matúš 
700 1 |a Grešš, Martin, 1978- 
710 2 |a Fakulta medzinárodných vzťahov EU. Katedra medzinárodných ekonomických vzťahov a hospodárskej diplomacie